Object oriented programming with C++ lab manual (Record no. 180687)

000 -LEADER
fixed length control field 00375nam a2200121Ia 4500
008 - FIXED-LENGTH DATA ELEMENTS--GENERAL INFORMATION
fixed length control field 220217s9999||||xx |||||||||||||| ||und||
082 ## - DEWEY DECIMAL CLASSIFICATION NUMBER
Classification number 005.133 BHA
100 ## - MAIN ENTRY--PERSONAL NAME
Personal name Bhagwat, Subramanya
245 #0 - TITLE STATEMENT
Title Object oriented programming with C++ lab manual
260 ## - PUBLICATION, DISTRIBUTION, ETC.
Place of publication, distribution, etc. Vijay educational publication
Name of publisher, distributor, etc. Hubli
Date of publication, distribution, etc. 2009
300 ## - PHYSICAL DESCRIPTION
Extent V, 107p.;28cm
Other physical details 80
650 ## - SUBJECT ADDED ENTRY--TOPICAL TERM
Topical term or geographic name entry element PROGRAMMING LANGUAGE
Holdings
Withdrawn status Lost status Damaged status Not for loan Collection code Home library Current library Shelving location Date acquired Full call number Barcode Date last seen Price effective from Koha item type
        Computer Science and Engineering Central Library Central Library Book Cart 02/18/2022 005.133 BHA 15876 02/18/2022 02/18/2022 Books

Powered by Koha